Globalization and innovation in emerging markets (Record no. 86573)

000 -LEADER
fixed length control field 00469pab a2200181 454500
008 - FIXED-LENGTH DATA ELEMENTS--GENERAL INFORMATION
fixed length control field 180718b2010 xxu||||| |||| 00| 0 eng d
100 ## - MAIN ENTRY--PERSONAL NAME
Personal name Gorodnichenko, Yuriy
245 ## - TITLE STATEMENT
Title Globalization and innovation in emerging markets
260 ## - PUBLICATION, DISTRIBUTION, ETC.
Date of publication, distribution, etc. 2010
300 ## - PHYSICAL DESCRIPTION
Extent p.194-226.
362 ## - DATES OF PUBLICATION AND/OR SEQUENTIAL DESIGNATION
Dates of publication and/or sequential designation Apr
650 ## - SUBJECT ADDED ENTRY--TOPICAL TERM
Topical term or geographic name entry element Globalization
700 ## - ADDED ENTRY--PERSONAL NAME
Personal name Terrell, Katherine
700 ## - ADDED ENTRY--PERSONAL NAME
Personal name Svejnar, Jan
773 ## - HOST ITEM ENTRY
Main entry heading American Economic Journal: Macroeconomics
908 ## - PUT COMMAND PARAMETER (RLIN)
Put command parameter N
909 ## -
-- 86573
Holdings
Withdrawn status Lost status Damaged status Not for loan Permanent Location Current Location Date acquired Serial Enumeration / chronology Barcode Date last seen Price effective from Koha item type
        Indian Institute of Public Administration Indian Institute of Public Administration 2018-07-19 Volume no: 2, Issue no: 2 AR87033 2018-07-19 2018-07-19 Articles

Powered by Koha